LEADER 01454nam a2200337 u 4500 001 000000062947 003 CaOOAMICUS 005 20070226121205.0 008 011015s1956 it u000 u ita u 035 $a10906466 040 $aPUL(R)$bita 041 1 $aita$hger 100 1 $aOhm, Thomas,$cOSB,$d1892-$0(OLS)http://pul/name/17937 240 10$aLiebe zu Gott in den nichtchristlichen Religionen.$lItaliano.$0(OLS)http://pul/title/83958 245 12$aL'amore a Dio nelle religioni non cristiane /$cTommaso Ohm ; edizione italiana a cura di P. Rossano. 260 $aAlba :$bEdizioni Paoline,$cstampa 1956. 300 $a633 p. ;$c21 cm 490 1 $aMultiformis sapientia ;$v7 500 $aComprende indici. 504 $aBibliografia: p. [625]-626. 650 4$aReligioni.$0(OLS)http://pul/subject/5652 650 4$aAmore (teologia).$0(OLS)http://pul/subject/20975 830 0$aMultiformis sapientia ;$v7.$0(OLS)http://pul/title/5185 850 $aPUL 852 $aPUL$W1$xDP2 Religione 1$y63$m70 A 13$j81748$nBK-PRI$qStampati$B81748$CPULBib$Z2$F81748 $82 852 $aPUL$W1$xDP1 Fondo Pastorale$y55$mP12 A 35$j81749$nBK-PRI$b $qFondi$B81749$CPULBib$Z2$F81749 $H $81 941 1 $a8 941 1 $a1 961 $aINV: 24971 996 $6245$aL'amore a Dio nelle religioni non cristiane$9(OLS)http://pul/title/83959 996 $6260$aAlba :$bEdizioni Paoline$9(OLS)http://pul/publisher/48140 LEADER 01393nam a2200349 a 4500 001 000000133631 003 CaOOAMICUS 005 20130423104712.0 008 130423s2012 it u001 u ita r 020 $a978-88-372-2587-2 040 $aPUL$bita 041 1 $aita$hger 082 04$a152.4 100 1 $aPieper, Josef,$d1904-1997.$0(OLS)http://pul/name/11695 240 10$aÜber die Liebe.$lItaliano.$0(OLS)http://pul/title/168912 245 10$aSull'amore /$cJosef Pieper ; a cura di Giovanni Santambrogio. 250 $aNuova ed. ampliata. 260 $aBrescia :$bMorcelliana,$c©2012. 300 $a215 p. ;$c19 cm. 490 1 $aIl pellicano rosso.$aNuova serie ;$v171 504 $aBibliografia in nota. 650 4$aAmore (filosofia).$0(OLS)http://pul/subject/15745 700 1 $aSantambrogio, Giovanni.$0(OLS)http://pul/name/53598 830 3$aIl pellicano rosso.$pNuova serie ;$v171.$0(OLS)http://pul/title/103420 850 $aPUL 852 $aPUL$W1$xSL Filosofia 3$y81$m152. 4 PIEJO 1$j153595$qDDC 21$B153162$CPULBib$Z2$F153162 $H122124 $82 941 1 $a9 996 $6020$a978-88-372-2587-2$9(OLS)http://pul/number/152495 996 $6082$a152.4$9(OLS)http://pul/classification/638 996 $6245$aSull'amore$9(OLS)http://pul/title/168913 996 $6260$aBrescia :$bMorcelliana$9(OLS)http://pul/publisher/47854